[Event "Unive Open"]
[Site "Hoogeveen NED"]
[Date "2010.10.25"]
[Round "4"]
[White "Raznikov, Danny"]
[Black "Bellaiche, Anthony"]
[Result "1-0"]
[WhiteTitle "FM"]
[BlackTitle "IM"]
[WhiteElo "2354"]
[BlackElo "2445"]
[WhiteFideId "2811154"]
[BlackFideId "615668"]
[EventDate "2010.10.22"]

1. Nf3 d5 2. d4 Nf6 3. c4 c6 4. e3 Bf5 5. Nc3 e6 6. Nh4 Bg6 7. Be2 Nbd7 8. O-O
Bd6 9. g3 O-O 10. Nxg6 hxg6 11. Qb3 Rb8 12. Rd1 Qe7 13. Bd2 dxc4 14. Bxc4 e5 15.
dxe5 Nxe5 16. Be2 g5 17. Qc2 Bb4 18. a3 Bxc3 19. Bxc3 Qe6 20. Kg2 c5 21. Rd2 b5
22. Rad1 b4 23. Rd6 Qe7 24. axb4 cxb4 25. Bxe5 Qxe5 26. Bc4 Rbc8 27. b3 a5 28.
Qd3 Qe4+ 29. Qxe4 Nxe4 30. Rb6 Rc7 31. Ra1 Rc5 32. Ra6 Nd2 33. R1xa5 Rxa5 34.
Rxa5 Nxc4 35. bxc4 Rb8 36. Ra2 g4 37. Kf1 Kf8 38. Ke2 Ke7 39. Kd3 Kd6 40. Ra6+
Kc5 41. Ra5+ Kc6 42. Kc2 b3+ 43. Kb2 g6 44. Rg5 Rd8 45. Kxb3 Rd2 46. Rxg4 Rxf2
47. Rf4 Rxh2 48. Rxf7 Re2 49. Kb4 Rb2+ 50. Kc3 Ra2 51. Kd4 Rd2+ 52. Ke4 Rd6 53.
Kf4 Re6 54. e4 Kc5 55. e5 Kxc4 56. Rf6 g5+ 57. Kf5 Re8 58. Rd6 Kc5 59. Rd1 g4
60. e6 Rf8+ 61. Kxg4 1-0

[Event "Unive Open"]
[Site "Hoogeveen NED"]
[Date "2010.10.25"]
[Round "4"]
[White "Vocaturo, Daniele"]
[Black "Bijlsma, Nick"]
[Result "1-0"]
[WhiteTitle "GM"]
[WhiteElo "2581"]
[BlackElo "2138"]
[WhiteFideId "813192"]
[BlackFideId "1007041"]
[EventDate "2010.10.22"]

1. e4 c5 2. Nf3 d6 3. d4 cxd4 4. Nxd4 Nf6 5. Nc3 Nc6 6. Bc4 Na5 7. Be2 e6 8. O-O
Be7 9. b3 O-O 10. Bb2 a6 11. a4 Qc7 12. Kh1 b6 13. f4 Bb7 14. Bd3 Nc6 15. Nxc6
Qxc6 16. Qe2 Nd7 17. b4 Rfe8 18. Rf3 Bf6 19. e5 dxe5 20. Be4 Qc7 21. Bxb7 Qxb7
22. Ne4 Qc7 23. Nxf6+ Nxf6 24. Bxe5 Qe7 25. Rg3 g6 26. Bd4 Nd7 27. c3 Qd6 28.
Rf1 Qd5 29. Rg5 Qb3 30. Qd1 Qc4 31. h4 Rad8 32. Rg3 b5 33. axb5 axb5 34. Re1 Nf6
35. h5 Rd5 36. hxg6 hxg6 37. Rh3 Nh5 38. Qf3 Rf5 39. g4 Rxf4 40. Qxf4 Nxf4 41.
Rh8# 1-0

[Event "Unive Open"]
[Site "Hoogeveen NED"]
[Date "2010.10.25"]
[Round "4"]
[White "Goudriaan, Etienne"]
[Black "De Jong, Migchiel"]
[Result "1/2-1/2"]
[BlackTitle "FM"]
[WhiteElo "2253"]
[BlackElo "2397"]
[WhiteFideId "1021150"]
[BlackFideId "1002848"]
[EventDate "2010.10.22"]

1. d4 Nf6 2. c4 g6 3. Nc3 Bg7 4. e4 O-O 5. Nf3 d6 6. Be2 e5 7. O-O c6 8. d5 Na6
9. Be3 Ng4 10. Bg5 f6 11. Bd2 Nh6 12. Ne1 Nf7 13. Nd3 c5 14. a3 Bh6 15. b4 Bxd2
16. Qxd2 Bd7 17. Rfb1 b6 18. b5 Nc7 19. a4 a5 20. bxa6 Rxa6 21. Nb5 f5 22. f3
Ne8 23. Nf2 Nf6 24. Ra3 f4 25. a5 bxa5 26. Rba1 Qb6 27. Rxa5 Rfa8 28. Rxa6 Rxa6
29. Qb2 g5 30. Ra3 Rxa3 31. Qxa3 g4 32. fxg4 Bxb5 33. Qb3 Qa5 34. cxb5 Qe1+ 35.
Bf1 Ng5 36. b6 Nfxe4 37. Nxe4 Nxe4 38. h3 Qf2+ 39. Kh2 Nd2 40. b7 Nxf1+ 41. Kh1
Ng3+ 42. Kh2 Nf1+ 43. Kh1 1/2-1/2

[Event "Unive Open"]
[Site "Hoogeveen NED"]
[Date "2010.10.25"]
[Round "4"]
[White "Ducarmon, Quinten"]
[Black "Vedder, Henk"]
[Result "1/2-1/2"]
[WhiteElo "2243"]
[BlackElo "2372"]
[WhiteFideId "1025007"]
[BlackFideId "1002872"]
[EventDate "2010.10.22"]

1. e4 e6 2. d4 d5 3. Nc3 Nf6 4. Bg5 Be7 5. e5 Nfd7 6. Bxe7 Qxe7 7. f4 a6 8. Nf3
c5 9. dxc5 Nc6 10. Bd3 Qxc5 11. Qd2 b5 12. h4 b4 13. Na4 Qa5 14. b3 Nc5 15. Nxc5
Qxc5 16. Rc1 Bb7 17. c4 bxc3 18. Rxc3 Qb6 19. Qf2 Qb4 20. Qd2 Qb6 21. Qf2 Qb4
22. Qd2 Qb6 23. Qf2 1/2-1/2

[Event "Unive Open"]
[Site "Hoogeveen NED"]
[Date "2010.10.25"]
[Round "4"]
[White "Mellema, Andries"]
[Black "Bonafede, Alessandro"]
[Result "1/2-1/2"]
[BlackTitle "FM"]
[WhiteElo "2153"]
[BlackElo "2280"]
[WhiteFideId "1011464"]
[BlackFideId "813826"]
[EventDate "2010.10.22"]

1. e4 c5 2. Nf3 Nc6 3. d4 cxd4 4. Nxd4 Nf6 5. Nc3 e5 6. Ndb5 d6 7. Bg5 a6 8. Na3
b5 9. Bxf6 gxf6 10. Nd5 Bg7 11. c3 f5 12. exf5 Bxf5 13. Nc2 O-O 14. Nce3 Be6 15.
g3 f5 16. Qh5 Ne7 17. Bg2 e4 18. Rd1 Nxd5 19. Nxd5 Rc8 20. Rd2 Rc5 21. Qd1 Qe8
22. O-O Qf7 23. Nf4 Bc4 24. Re1 Be5 25. b3 Bxc3 26. Rxd6 Bxe1 27. bxc4 Bb4 28.
Rd7 Qe8 29. cxb5 axb5 30. Qd4 Qe5 31. Qxb4 Qc3 32. Qxc3 Rxc3 33. Bf1 Rb8 34. Nd5
Rc2 35. Nf6+ Kf8 36. Nxh7+ Ke8 37. Nf6+ Kf8 38. Bh3 Rb6 39. Nd5 Ra6 40. Bxf5
Raxa2 41. Bxe4 Rxf2 42. Nc3 Rab2 43. Nd1 Rfd2 44. Rxd2 Rxd2 45. Nf2 b4 46. Kf1
b3 47. Ke1 Ra2 48. h4 Kg7 49. Nd1 Kh6 50. Nc3 Kh5 51. Bf3+ Kh6 52. Kd1 Rc2 53.
Nb1 Rh2 54. Nd2 b2 55. Be4 Kh5 56. Bf3+ Kh6 57. Be4 Kh5 58. Nf1 Rf2 59. Ne3 Rh2
60. Nf1 Rf2 61. Ne3 Rh2 62. Bb1 Rf2 63. Ke1 Rf3 64. Nf1 Rc3 65. Ke2 Kg4 66. Kf2
Rc1 67. Ne3+ Kh5 68. Bf5 b1=Q 69. Bxb1 Rxb1 70. Kg2 Rb3 71. Nf1 Rb1 72. Nh2 Rb2+
73. Kh3 Rb3 74. Ng4 Rf3 75. Ne5 Re3 76. Nc6 Re4 77. Nd8 Re3 78. Nf7 Rf3 79. Nd6
Rd3 80. Ne4 Rf3 81. Nc5 Re3 82. Nd7 Rf3 83. Kg2 Rd3 84. Ne5 Re3 85. Nf3 Kg4 86.
Nh2+ Kh5 87. Kh3 1/2-1/2

[Event "Unive Open"]
[Site "Hoogeveen NED"]
[Date "2010.10.25"]
[Round "4"]
[White "Naroditsky, Daniel"]
[Black "Archangelsky, Mikhail"]
[Result "1-0"]
[WhiteTitle "FM"]
[BlackTitle "IM"]
[WhiteElo "2425"]
[BlackElo "2212"]
[WhiteFideId "2026961"]
[BlackFideId "4117573"]
[EventDate "2010.10.22"]

1. e4 e6 2. d4 d5 3. Nd2 c5 4. Ngf3 cxd4 5. Nxd4 Nc6 6. Bb5 Bd7 7. Nxc6 Bxc6 8.
Bxc6+ bxc6 9. c4 Nf6 10. Qa4 Qd7 11. e5 Nh5 12. Nf3 g6 13. O-O Be7 14. Bh6 Rg8
15. g4 Ng7 16. Rfe1 Rb8 17. Qc2 Qb7 18. Rab1 Qb4 19. b3 Kd7 20. Rbc1 Rbc8 21. h3
Qb7 22. Qd3 Ne8 23. cxd5 cxd5 24. Rxc8 Kxc8 25. Rc1+ Nc7 26. Nd4 Re8 27. Nb5 1-0

[Event "Unive Open"]
[Site "Hoogeveen NED"]
[Date "2010.10.25"]
[Round "4"]
[White "Bezemer, Arno"]
[Black "Van Geffen, Ben"]
[Result "1-0"]
[WhiteTitle "FM"]
[WhiteElo "2318"]
[BlackElo "2171"]
[WhiteFideId "1001396"]
[BlackFideId "1009370"]
[EventDate "2010.10.22"]

1. e4 e5 2. Nf3 Nc6 3. Bb5 a6 4. Ba4 Nf6 5. O-O b5 6. Bb3 Be7 7. a4 Rb8 8. axb5
axb5 9. d4 d6 10. dxe5 dxe5 11. Qe2 Bg4 12. c3 O-O 13. Ra6 Qe8 14. Nbd2 h6 15.
h3 Bc8 16. Ra1 Bc5 17. Nh4 Be6 18. Qf3 Nh7 19. Nf5 Qd7 20. Bc2 Ra8 21. Rxa8 Rxa8
22. Qg3 Bxf5 23. exf5 Bf8 24. Nf3 Qd6 25. Rd1 Qf6 26. Be4 Ra1 27. Bxc6 Qxc6 28.
Qxe5 Bd6 29. Qe2 Nf6 30. Be3 Rxd1+ 31. Qxd1 Qe4 32. Nd4 Bc5 33. Qc2 Qd5 34. Qb3
b4 35. cxb4 Qxb3 36. Nxb3 Bxb4 37. Kf1 Kf8 38. Ke2 Ke7 39. Kd3 Nd7 40. Bd4 f6
41. Kc4 Bd6 42. Kd5 Be5 43. Na5 Bf4 44. g3 Bd2 45. Nc6+ Ke8 46. b3 Be1 47. g4
Nf8 48. Na7 Bb4 49. Kc6 Kd8 50. Nb5 Ba5 51. Be3 Nd7 52. Bf4 Ne5+ 53. Bxe5 fxe5
54. f3 Bb6 55. Kd5 Kd7 56. Kxe5 c6 57. Nd4 Bd8 58. Ne6 Bf6+ 59. Ke4 Ke7 60. f4
Bc3 61. g5 h5 62. Nxg7 Bxg7 63. f6+ Bxf6 64. gxf6+ Kxf6 65. f5 h4 66. b4 1-0

[Event "Unive Open"]
[Site "Hoogeveen NED"]
[Date "2010.10.25"]
[Round "4"]
[White "Tondivar, Babak"]
[Black "Hendriks, Richard"]
[Result "1-0"]
[WhiteTitle "FM"]
[WhiteElo "2302"]
[BlackElo "2110"]
[WhiteFideId "12501239"]
[BlackFideId "1006096"]
[EventDate "2010.10.22"]

1. d4 d5 2. c4 dxc4 3. Nf3 Nf6 4. e3 e6 5. Bxc4 a6 6. O-O c5 7. Bb3 Nc6 8. Nc3
cxd4 9. exd4 Be7 10. Bg5 O-O 11. Qd2 Na5 12. Bc2 b5 13. Qf4 g6 14. Bh6 Nh5 15.
Qe3 Re8 16. Ne5 f5 17. Rad1 Bb7 18. a3 Bf6 19. Rfe1 Rc8 20. Re2 Bg7 21. Bxg7
Kxg7 22. b4 Nc4 23. Nxc4 bxc4 24. Ba4 Bc6 25. Bxc6 Rxc6 26. d5 Rd6 27. Qc5 Nf6
28. Qxc4 exd5 29. Rxe8 Qxe8 30. Qd4 Qe6 31. h3 Kg8 32. a4 Kf7 33. b5 axb5 34.
axb5 Kg8 35. Ra1 Kf7 36. Ra7+ Kg8 37. Na4 Nd7 38. b6 Qe1+ 39. Kh2 Qe5+ 40. Qxe5
Nxe5 41. Rc7 Rd8 42. b7 Rf8 43. Nc5 1-0

[Event "Unive Open"]
[Site "Hoogeveen NED"]
[Date "2010.10.25"]
[Round "4"]
[White "Afek, Yochanan"]
[Black "Kollen, Zyon"]
[Result "0-1"]
[WhiteTitle "IM"]
[WhiteElo "2269"]
[BlackElo "2046"]
[WhiteFideId "2800462"]
[BlackFideId "1024256"]
[EventDate "2010.10.22"]

1. e4 e6 2. d4 d5 3. e5 c5 4. c3 Qb6 5. a3 Nc6 6. Nf3 Nh6 7. Bd3 cxd4 8. cxd4
Bd7 9. Bc2 Nf5 10. Bxf5 exf5 11. Nc3 Be6 12. O-O Be7 13. b4 O-O 14. Be3 Rfc8 15.
Qd3 Qd8 16. Ne2 a6 17. Nd2 b5 18. Rfc1 a5 19. Qxb5 Rab8 20. Qa4 Bd7 21. b5 Na7
22. Rxc8 Rxc8 23. Qb3 Bxb5 24. Nc3 Bc6 25. Rb1 Qd7 26. Nf1 a4 27. Qb2 h6 28. Ng3
Bb5 29. h3 Bd3 30. Ra1 Bc4 31. Qc2 Bb3 32. Qxf5 Qxf5 33. Nxf5 Rxc3 34. Nxe7+ Kf8
35. Bd2 Rd3 36. Bb4 Ke8 37. Bc5 Nb5 38. Nf5 Kd7 39. Re1 Bc2 40. Rc1 Bb3 41. Kh2
g6 42. Nxh6 Ke6 43. f4 Bc4 44. Rb1 Rb3 45. Ra1 Rd3 46. Rb1 Rb3 47. Re1 Rb2 48.
Re3 Rd2 49. Kg3 Nxd4 50. Bxd4 Rxd4 51. Kg4 Rd2 52. g3 Be2+ 53. Kg5 d4 54. Re4
Kd5 55. e6 f6+ 56. Kxf6 Kxe4 57. f5 gxf5 58. Nxf5 Kd5 59. g4 Bb5 60. g5 Rf2 61.
g6 Bd3 0-1

[Event "Unive Open"]
[Site "Hoogeveen NED"]
[Date "2010.10.25"]
[Round "4"]
[White "Dolgova, Olga"]
[Black "Warmelink, Evie"]
[Result "1-0"]
[WhiteTitle "WIM"]
[WhiteElo "2262"]
[BlackElo "1977"]
[WhiteFideId "4158296"]
[BlackFideId "1028154"]
[EventDate "2010.10.22"]

1. d4 Nf6 2. c4 c5 3. d5 b5 4. cxb5 a6 5. bxa6 g6 6. Nc3 Bxa6 7. g3 Bg7 8. Bg2
d6 9. Nf3 O-O 10. O-O Nbd7 11. Rb1 Qa5 12. Bd2 Rfb8 13. b3 Nb6 14. a4 Nbd7 15.
Ne1 Qc7 16. Nc2 Nb6 17. a5 Nc8 18. b4 cxb4 19. Nxb4 Bb7 20. Nb5 Qd7 21. Nc6 Bxc6
22. dxc6 Qf5 23. c7 1-0

[Event "Unive Open"]
[Site "Hoogeveen NED"]
[Date "2010.10.25"]
[Round "4"]
[White "Hovenga, Alje"]
[Black "Pijpers, Arthur"]
[Result "1/2-1/2"]
[WhiteElo "2176"]
[BlackElo "2248"]
[WhiteFideId "1005812"]
[BlackFideId "1019554"]
[EventDate "2010.10.22"]

1. d4 d5 2. c4 c6 3. Nf3 Nf6 4. Nc3 dxc4 5. a4 Bf5 6. e3 e6 7. Bxc4 Bb4 8. O-O
O-O 9. Nh4 Qe7 10. Nxf5 exf5 11. Qc2 g6 12. Rd1 Rd8 13. a5 a6 14. Qb3 c5 15. d5
Qd6 16. f3 Nbd7 17. Qc2 Re8 18. Ne2 Re7 19. Nf4 Ne5 20. b3 Rae8 21. Ra2 Qd8 22.
d6 Rd7 23. Nd5 Rxd6 24. e4 Nxd5 25. Bxd5 fxe4 26. fxe4 Bxa5 27. Rf1 b6 28. Bf4
Rd7 29. Qd1 Qc7 30. Raf2 Bc3 31. Bxe5 Rxe5 32. Rxf7 Rxf7 33. Bxf7+ Kg7 34. Bd5
Re7 35. Kh1 Qe5 36. Qf3 Qf6 37. Qd3 Qe5 38. Qxa6 Qd6 39. Qc8 Bf6 40. Qg8+ Kh6
41. Qf8+ Bg7 42. Qc8 Bf6 43. Qf8+ Bg7 44. Qf3 Be5 45. Qh3+ Kg7 46. Qc8 Ra7 47.
Qh3 1/2-1/2

[Event "Unive Open"]
[Site "Hoogeveen NED"]
[Date "2010.10.25"]
[Round "4"]
[White "Hoffman, Ron"]
[Black "De Graaf, Dick"]
[Result "1-0"]
[WhiteElo "2123"]
[BlackElo "2225"]
[WhiteFideId "1007599"]
[BlackFideId "1005677"]
[EventDate "2010.10.22"]

1. c4 b5 2. b3 bxc4 3. bxc4 c5 4. Nf3 Nc6 5. g3 Rb8 6. Bg2 g6 7. Nc3 Bg7 8. O-O
Nf6 9. Ba3 d6 10. Rb1 Bd7 11. Rxb8 Qxb8 12. d4 Na5 13. Qd3 cxd4 14. Nxd4 O-O 15.
c5 e5 16. Rb1 Qc8 17. Ndb5 dxc5 18. Nxa7 Qc7 19. Qa6 e4 20. Nab5 Qd8 21. Bxc5
Bc8 22. Qd6 Nb7 23. Qxd8 Rxd8 24. Be7 Re8 25. Bxf6 Bxf6 26. Nxe4 Bg7 27. Ned6
Nxd6 28. Nxd6 Rd8 29. Nxc8 Rxc8 30. Bd5 Rc7 31. Rb8+ Bf8 32. a4 Kg7 33. a5 Bd6
34. Rb7 Rxb7 35. Bxb7 Kf6 36. e4 Ke5 37. f4+ Kd4 38. e5 Bc5 39. Kf2 Ba7 40. Kf3
Bb8 41. g4 h6 42. h4 g5 43. fxg5 hxg5 44. h5 Kxe5 45. h6 Kf6 46. Be4 1-0

[Event "Unive Open"]
[Site "Hoogeveen NED"]
[Date "2010.10.25"]
[Round "4"]
[White "Overeem, Marc"]
[Black "Sekandar, Kambiz"]
[Result "1/2-1/2"]
[WhiteTitle "FM"]
[WhiteElo "2224"]
[BlackElo "1877"]
[WhiteFideId "1004972"]
[BlackFideId "11700939"]
[EventDate "2010.10.22"]

1. Nf3 Nf6 2. g3 c5 3. c4 Nc6 4. Nc3 e6 5. Bg2 d5 6. cxd5 exd5 7. d4 c4 8. O-O
Be7 9. Ne5 Be6 10. Qa4 Qb6 11. e4 dxe4 12. Be3 O-O 13. d5 Qxb2 14. Nxc6 bxc6 15.
dxe6 Qxc3 16. exf7+ Kxf7 17. Rac1 Qb4 18. Qxb4 Bxb4 19. Rxc4 Ba5 20. Rxc6 Bb6
21. Bh3 Rfd8 22. Bxb6 axb6 23. Rxb6 Kg6 24. Be6 Rab8 25. Rxb8 Rxb8 26. Bb3 Nd7
27. Bc2 Nc5 28. Rb1 Rc8 29. Rd1 Kf6 30. Kf1 Ke5 31. a4 Ne6 32. Bb1 Ra8 33. Bc2
Nd4 34. Rd2 Nxc2 35. Rxc2 Rxa4 36. Rc7 Kf6 37. Ke2 h6 38. Ke3 g6 39. h4 Rb4 40.
g4 Rb3+ 41. Kxe4 Rb4+ 42. Kf3 Rb3+ 43. Kg2 Rb6 44. Rh7 Rb4 45. Kg3 h5 46. gxh5
gxh5 47. Rxh5 Rb1 48. Ra5 Rb4 49. h5 Rc4 50. f3 Rb4 51. Rc5 Ra4 52. h6 Kg6 53.
Rc6+ Kh7 54. f4 Ra1 55. Kg4 Rh1 56. Kg5 Rg1+ 57. Kf5 Rh1 58. Ke5 Rh5+ 59. f5 Rh1
60. Rg6 Ra1 61. Kf6 Re1 62. Kf7 Ra1 63. Re6 Rf1 64. f6 Ra1 65. Re7 Kxh6 66. Re8
Kh7 67. Re7 Ra8 68. Rb7 Ra1 69. Rc7 Ra2 70. Ke6+ Kg6 71. Rg7+ Kh6 72. Kf7 Ra7+
73. Kf8 Ra8+ 74. Kf7 Ra7+ 75. Kf8 1/2-1/2

[Event "Unive Open"]
[Site "Hoogeveen NED"]
[Date "2010.10.25"]
[Round "4"]
[White "Hendriks, Peter"]
[Black "Lommers, Frank"]
[Result "1-0"]
[WhiteElo "2082"]
[BlackElo "2191"]
[WhiteFideId "1009516"]
[BlackFideId "1010107"]
[EventDate "2010.10.22"]

1. d4 Nf6 2. Nf3 g6 3. g3 c5 4. c3 b6 5. Bg2 Bb7 6. O-O Bg7 7. Qb3 Qc8 8. Ne5
O-O 9. Bxb7 Qxb7 10. dxc5 Nc6 11. Nd3 Qa6 12. cxb6 Rab8 13. Be3 axb6 14. Na3 b5
15. Nc2 Ra8 16. Nc5 Qc8 17. a4 Ng4 18. axb5 Rb8 19. Qa4 Nce5 20. Bd4 h5 21. f4
Nxh2 22. Kxh2 Ng4+ 23. Kg1 e5 24. fxe5 Nxe5 25. Ne4 d5 26. Nf2 Qf5 27. Ne3 Qg5
28. Kg2 h4 29. g4 h3+ 30. Nxh3 Qh4 31. Bxe5 Bxe5 32. Rf3 Rfd8 33. Qa7 f5 34.
gxf5 d4 35. fxg6 dxe3 36. Qf7+ Kh8 37. Qh7+ Qxh7 38. gxh7 Kxh7 39. Ng5+ Kg6 40.
Nf7 Rd5 41. c4 Rc5 42. Ra6+ Kh7 43. b4 Rg8+ 44. Kh3 Rxc4 45. Nxe5 Rc1 46. Rf7+
Rg7 47. Rxg7+ Kxg7 48. b6 Kf8 49. b7 Ke7 50. Nc6+ 1-0

[Event "Unive Open"]
[Site "Hoogeveen NED"]
[Date "2010.10.25"]
[Round "4"]
[White "Timmermans, Ivo"]
[Black "Klapwijk, Bram"]
[Result "1-0"]
[WhiteElo "2209"]
[BlackElo "2022"]
[WhiteFideId "1002910"]
[BlackFideId "1009133"]
[EventDate "2010.10.22"]

1. e4 c5 2. Nf3 e6 3. d4 cxd4 4. Nxd4 Nf6 5. Nc3 d6 6. Be3 Be7 7. f3 O-O 8. Qd2
Nc6 9. O-O-O d5 10. exd5 Nxd5 11. Nxd5 Qxd5 12. Nb3 Qxd2+ 13. Nxd2 Nb4 14. Kb1
Nd5 15. Bd4 b6 16. Bd3 Bb7 17. Rhe1 Rfd8 18. c3 Nb4 19. Bf1 Nc6 20. Bf2 Rd7 21.
Nc4 Rad8 22. Rxd7 Rxd7 23. Kc2 Bg5 24. Be3 Bxe3 25. Rxe3 Ne7 26. Ne5 Nd5 27. Re1
Rc7 28. Bc4 f6 29. Bxd5 Bxd5 30. Nd3 e5 31. Nb4 Be6 32. Rd1 Rd7 33. Rxd7 Bxd7
34. c4 Kf7 35. c5 bxc5 36. Na6 c4 37. Kc3 Ke7 38. Nb8 Be8 39. Kxc4 Kd6 40. a3
Kc7 41. Na6+ Kb6 42. Nb4 Bf7+ 43. Kc3 Kb5 44. Nd3 Bd5 45. b3 e4 46. a4+ Kb6 47.
Nf4 Bc6 48. fxe4 Bxe4 49. g3 g5 50. Nh5 f5 51. Nf6 Bg2 52. Nxh7 g4 53. Nf8 Kc6
54. Ne6 Be4 55. b4 Kd5 56. Nc7+ Kc6 57. Nb5 a6 58. Na3 Kd5 59. Nc4 Bf3 60. b5
axb5 61. axb5 Be2 62. b6 Kc6 63. Kd4 Bd1 64. Ke5 Be2 65. Ne3 Kxb6 66. Kxf5 Kc6
67. Nxg4 Kd6 68. Ne5 Ke7 69. Ng6+ Kf7 70. Nf4 Bd1 71. Kg5 Kg7 72. Ne6+ Kh7 73.
g4 Bb3 74. Nd4 Bc4 75. Kf6 Kh8 76. h4 Bg8 77. Nf5 Ba2 78. Kg6 Bb3 79. Kh6 Be6
80. Ne3 Ba2 81. g5 Bg8 82. g6 Bh7 83. g7+ 1-0

[Event "Unive Open"]
[Site "Hoogeveen NED"]
[Date "2010.10.25"]
[Round "4"]
[White "Van Apeldoorn, Janton"]
[Black "Van Foreest, Jorden"]
[Result "0-1"]
[WhiteTitle "CM"]
[WhiteElo "2164"]
[BlackElo "1954"]
[WhiteFideId "1013831"]
[BlackFideId "1039784"]
[EventDate "2010.10.22"]

1. e4 c6 2. d4 d5 3. exd5 cxd5 4. c4 Nf6 5. Nc3 Nc6 6. Nf3 e6 7. c5 Ne4 8. Be2
Qa5 9. O-O Nxc3 10. bxc3 b6 11. c4 bxc5 12. Bd2 Qd8 13. Rc1 Be7 14. cxd5 Qxd5
15. Bc4 Qd8 16. Bb5 Bd7 17. dxc5 O-O 18. Qe2 Qc7 19. Rfd1 a6 20. Bd3 e5 21. Bc3
Bf6 22. Bb1 g6 23. h4 Rfe8 24. Ng5 Nd4 25. Qc4 Bxg5 26. hxg5 Bb5 27. Qb4 Ne2+
28. Kh1 Nxc1 29. Rxc1 Rac8 30. Bb2 Qd8 31. f4 h6 32. Bxe5 hxg5 33. Qc3 gxf4 34.
Bxf4 Qh4+ 35. Bh2 Bc6 36. Qg3 Qxg3 37. Bxg3 Re2 38. Rg1 Kg7 39. Bh2 Bb7 40. Bd6
Rh8+ 41. Bh2 Rh5 42. Bd3 Rxa2 43. c6 0-1

[Event "Unive Open"]
[Site "Hoogeveen NED"]
[Date "2010.10.25"]
[Round "4"]
[White "Zuiderweg, Edwin"]
[Black "Van Der Veen, Jan"]
[Result "1/2-1/2"]
[WhiteElo "2044"]
[BlackElo "2131"]
[WhiteFideId "1012207"]
[BlackFideId "1005570"]
[EventDate "2010.10.22"]

1. e4 e5 2. Nf3 Nc6 3. d4 exd4 4. Nxd4 Nf6 5. Nxc6 bxc6 6. e5 Qe7 7. Qe2 Nd5 8.
c4 Ba6 9. b3 f6 10. g3 fxe5 11. Bb2 O-O-O 12. Bg2 Nf6 13. O-O e4 14. Qd2 Bb7 15.
Qa5 Qc5 16. Qxc5 Bxc5 17. Bxf6 gxf6 18. Nc3 f5 19. Na4 Be7 20. f3 d5 21. Bh3 Kb8
22. Bxf5 Bf6 23. Rad1 exf3 24. cxd5 Rxd5 25. Rxd5 cxd5 26. Rxf3 Bd4+ 27. Kg2 Re8
28. Rd3 Be3 29. Bg4 1/2-1/2

[Event "Unive Open"]
[Site "Hoogeveen NED"]
[Date "2010.10.26"]
[Round "5"]
[White "Kempinski, Robert"]
[Black "Sengupta, Deep"]
[Result "1-0"]
[WhiteTitle "GM"]
[BlackTitle "GM"]
[WhiteElo "2615"]
[BlackElo "2558"]
[WhiteFideId "1105663"]
[BlackFideId "5008352"]
[EventDate "2010.10.22"]

1. d4 d5 2. c4 dxc4 3. e3 Nf6 4. Bxc4 e6 5. Nf3 a6 6. O-O c5 7. Qe2 b5 8. Bd3
Nbd7 9. a4 b4 10. Nbd2 Bb7 11. e4 cxd4 12. e5 Nd5 13. Nb3 Nc5 14. Bg5 Qb6 15. a5
Qa7 16. Nfxd4 Nxd3 17. Qxd3 Rc8 18. Rac1 Qb8 19. Rxc8+ Qxc8 20. Rc1 Qd7 21. Qc4
h6 22. Bd2 Be7 23. Nc5 Bxc5 24. Qxc5 Qe7 25. Qxe7+ Kxe7 26. Bxb4+ Kd7 27. Bd6
Rc8 28. Rxc8 Kxc8 29. Bf8 Nf4 30. Bxg7 Nxg2 31. Bxh6 Ne1 32. Bg7 Kd7 33. h4 Nf3+
34. Nxf3 Bxf3 35. Kh2 Be2 36. Kg3 Kc6 37. b4 Kd5 38. Kf4 Kc4 39. Bf8 Kd5 40. f3
Bd3 41. h5 Kd4 42. Bd6 Kd5 43. Kg5 1-0

[Event "Unive Open"]
[Site "Hoogeveen NED"]
[Date "2010.10.26"]
[Round "5"]
[White "Pavlovic, Milos"]
[Black "L'Ami, Erwin"]
[Result "1/2-1/2"]
[WhiteTitle "GM"]
[BlackTitle "GM"]
[WhiteElo "2531"]
[BlackElo "2624"]
[WhiteFideId "900389"]
[BlackFideId "1007998"]
[EventDate "2010.10.22"]

1. d4 Nf6 2. c4 e6 3. Nc3 Bb4 4. e3 O-O 5. Bd3 d5 6. a3 Be7 7. Nf3 c5 8. O-O a6
9. cxd5 exd5 10. dxc5 Bxc5 11. e4 dxe4 12. Nxe4 Nbd7 13. Qc2 Be7 14. Rd1 Qe8 15.
Neg5 h6 16. Nh7 Nxh7 17. Bxh7+ Kh8 18. Bf5 Nc5 19. Be3 Bxf5 20. Qxf5 Ne6 21. Ne5
Rd8 22. g3 Bd6 23. Nc4 Bc7 24. Rxd8 Qxd8 25. a4 Kg8 26. a5 Qe7 27. Nb6 Bxb6 28.
axb6 Rd8 29. Qg4 Kf8 30. Rc1 Qd7 31. h4 Qd5 32. Kh2 h5 33. Qb4+ Kg8 34. Qe7 Rd7
35. Rc8+ Kh7 36. Qb4 Qf3 37. Rc1 Qd5 38. Rc2 Qf5 39. Rd2 Rxd2 40. Qxd2 Nf8 41.
Qd1 Nd7 42. Qh1 Nc5 43. Bxc5 Qxc5 44. Qxb7 Qxf2+ 45. Kh3 f5 46. Qd5 Qxb6 47.
Qxf5+ Qg6 1/2-1/2

[Event "Unive Open"]
[Site "Hoogeveen NED"]
[Date "2010.10.26"]
[Round "5"]
[White "Ernst, Sipke"]
[Black "Perez Candelario, Manuel"]
[Result "1-0"]
[WhiteTitle "GM"]
[BlackTitle "IM"]
[WhiteElo "2587"]
[BlackElo "2526"]
[WhiteFideId "1004689"]
[BlackFideId "2210622"]
[EventDate "2010.10.22"]

1. d4 Nf6 2. c4 g6 3. Nc3 Bg7 4. e4 d6 5. Nf3 O-O 6. Be2 Na6 7. O-O e5 8. Be3
Ng4 9. Bg5 Qe8 10. h3 h6 11. Bh4 Nf6 12. Bxf6 Bxf6 13. c5 exd4 14. Nd5 Bg7 15.
Bxa6 bxa6 16. Nxc7 Qxe4 17. Re1 Qc6 18. Nxa8 dxc5 19. Rc1 Bb7 20. Qd3 Rc8 21.
Rc4 a5 22. Re7 Bxa8 23. Qb3 Qd5 24. Rxa7 Kh7 25. Qd3 Qe6 26. b3 Bd5 27. Rc1 Qb6
28. Qa6 Qb8 29. Qxa5 d3 30. Rd1 Bxf3 31. gxf3 Bd4 32. Kg2 Qf4 33. Rxd3 Qg5+ 34.
Kf1 Qh5 35. Rxd4 Qxh3+ 36. Ke2 cxd4 37. Rxf7+ Kg8 38. Qd5 Rc2+ 39. Kd3 Rc5 40.
Rf8+ Kxf8 41. Qxc5+ Kg8 42. Qd5+ Kh7 43. Qf7+ Kh8 44. Qf6+ Kh7 45. Qf7+ Kh8 46.
Kxd4 Qg2 47. Qe8+ Kh7 48. Qd7+ Kg8 49. Qc8+ Kf7 50. Qc7+ Kf6 51. Qc6+ Kf7 52.
Ke3 Qg1 53. Qc4+ Kf8 54. Qc3 h5 55. a4 Qg5+ 56. f4 Qf5 57. Qb4+ Kg7 58. Qe7+ Kg8
59. Qd8+ Kh7 60. Qc7+ Kg8 61. a5 Qe6+ 62. Kd4 Qe1 63. Qc4+ Kh7 64. a6 Qxf2+ 65.
Ke5 Qe3+ 66. Kf6 Qb6+ 67. Qe6 Qd4+ 68. Qe5 Qb6+ 69. Kf7 Qxb3+ 70. Qe6 Qc2 71. f5
Qc7+ 72. Qe7 Qc3 73. a7 1-0

[Event "Unive Open"]
[Site "Hoogeveen NED"]
[Date "2010.10.26"]
[Round "5"]
[White "Rombaldoni, Axel"]
[Black "Nijboer, Friso"]
[Result "1/2-1/2"]
[WhiteTitle "IM"]
[BlackTitle "GM"]
[WhiteElo "2453"]
[BlackElo "2582"]
[WhiteFideId "815837"]
[BlackFideId "1000063"]
[EventDate "2010.10.22"]

1. e4 c5 2. Nf3 d6 3. d4 cxd4 4. Qxd4 Nc6 5. Bb5 Bd7 6. Bxc6 Bxc6 7. c4 f5 8.
exf5 Qa5+ 9. Nbd2 Qxf5 10. O-O e5 11. Re1 Qg6 12. b4 Ne7 13. Qc3 Rc8 14. Bb2 Qg4
15. h3 Qf4 16. Qd3 Ng6 17. Ne4 Rd8 18. Nfg5 Bxe4 19. Nxe4 Be7 20. Qd5 Qf7 21. g3
Qxd5 22. cxd5 Rc8 23. Rec1 Kd7 24. b5 Rxc1+ 25. Rxc1 Bd8 26. Ba3 Bc7 27. Rd1 1/2-1/2